[Event "ITA-ch U18"]
[Site "Tarvisio"]
[Date "2023.07.09"]
[Round "9"]
[White "Zanolini, Matteo"]
[Black "Casagrande, Filippo"]
[Result "1/2-1/2"]
[WhiteElo "1543"]
[BlackElo "1867"]
[PlyCount "177"]
[EventDate "2023.07.02"]
[EventType "swiss"]
[EventRounds "9"]
[EventCountry "ITA"]
[SourceTitle "EXT 2024"]
[Source "ChessBase"]
[SourceDate "2023.10.10"]
[SourceVersion "1"]
[SourceVersionDate "2023.10.10"]
[SourceQuality "1"]

1. e4 c5 2. Nc3 Nc6 3. g3 g6 4. Bg2 Bg7 5. f4 e6 6. Nf3 Nge7 7. d3 d6 8. 0-0 0-0 9. Bd2 Rb8 10. a4 a6 11. Rc1 b5 12. axb5 axb5 13. b3 Ba6 14. Ne2 b4 15. Rb1 Qb6 16. Kh1 Nc8 17. Bc1 N8a7 18. Bb2 Nd4 19. Nexd4 cxd4 20. Qd2 e5 21. Qf2 Bc8 22. Nd2 f5 23. exf5 Rxf5 24. Qe2 Bb7 25. Bxb7 Qxb7+ 26. Qe4 Qc7 27. Rbc1 Rbf8 28. Kg1 Qc5 29. h4 Nb5 30. Rf2 Nc3 31. Bxc3 dxc3 32. Qc4+ Qxc4 33. Nxc4 d5 34. Ne3 R5f7 35. Nxd5 e4 36. dxe4 Bd4 37. Nxb4 Re7 38. e5 Bxf2+ 39. Kxf2 Rxe5 40. Na2 Rc5 41. Ke3 Rd8 42. Nb4 Ra5 43. Nc6 Re8+ 44. Ne5 Rd8 45. Nc4 Ra7 46. Ke2 Re7+ 47. Kf3 Ra7 48. Re1 Kf8 49. Re3 Rc7 50. Rxc3 Rdc8 51. Rd3 Rxc4 52. bxc4 Rxc4 53. c3 Ke7 54. Ke3 Ke6 55. Kd2 Ra4 56. Kc2 Kf5 57. Kb3 Ra7 58. Re3 Rb7+ 59. Kc2 Rc7 60. Kd2 Rd7+ 61. Rd3 Rc7 62. Kc2 Ke4 63. Kd2 Kf5 64. Re3 Rd7+ 65. Kc2 Rc7 66. Kb3 Rb7+ 67. Kc4 Rb8 68. Kc5 Rd8 69. Kc6 Rc8+ 70. Kd7 Rc4 71. Kd6 Rc8 72. Re5+ Kg4 73. Rc5 Rd8+ 74. Kc7 Rd1 75. Rg5+ Kf3 76. c4 Rc1 77. c5 h6 78. Rd5 Kxg3 79. h5 gxh5 80. Rxh5 Kg4 81. Rd5 Kxf4 82. c6 Kg4 83. Rd4+ Kg3 84. Kd7 h5 85. c7 h4 86. Rd6 Rxc7+ 87. Kxc7 h3 88. Rg6+ Kf2 89. Rh6 1/2-1/2